Biggest -pur cities - Statistics

General Stats
  • This quiz has been taken 26 times
  • The average score is 4 of 10
Answer Stats
Population City % Correct
3,0 million Jaipur
88%
5,6 million Singapore
73%
2,7 million Kanpur
69%
2,4 million Nagpur
65%
7,2 million Kuala Lumpur
42%
1,0 million Jodhpur
23%
1,0 million Raipur
23%
1,1 million Jabalpur
15%
1,0 million Solapur
8%
1,0 million Tiruppur
8%
No matching quizzes found
Score Distribution
Percent of People with Each Score
Percentile by Number Answered
Your Score History
You have not taken this quiz